| 000 | 00000nam 2200000za 4500 |
| 001 | 9.640121 |
| 003 | CaOODSP |
| 005 | 20220104135343 |
| 007 | cr ||||||||||| |
| 008 | 150407|2001||||xxc|||||o f|0| 0 fre d |
| 040 | |aCaOODSP|bfre |
| 043 | |an-cn--- |
| 086 | 1 |aCC264-1/2001F-PDF |
| 110 | 2 |aCentre national des arts (Canada) |
| 245 | 13|aLe Centre national des arts du Canada : |h[ressource électronique]|brétablir la vision, 2001-2006 |
| 260 | |aOttawa - Ontario : |bCentre national des arts |cSeptembre 2001. |
| 300 | |a28p.|bphotographies |
| 590 | |a12-09-Supp|b2012-03-21 |
| 691 | 07|aArts d'interprétation|2gcpds |
| 775 | 08|tCanada's National Arts Centre : |w(CaOODSP)9.696002 |
| 856 | 40|ahttp://publications.gc.ca|qPDF|s192 Ko|uhttps://publications.gc.ca/collections/collection_2012/cna-nac/CC264-1-2001-fra.pdf |